00625nam a22002177a 450000500170000001000130001702000100003003500130004003700160005304000120006908200180008110000160009924500760011526000460019127000500023730000200028750000410030765000250034865000150037370000190038820170124110145.0 aA-759346 c98.00 aA-759346 bCen Lib/Ret aDPLbEN a658.0021bGUP aGupta, S.C. aA text book of business statistics /cby S.C. Gupta [and] Indira Gupta  aBombay c1995bHimalaya publishing house bBombay aDr. Bharerao marg, Girgaon e400004 a526p.c20cm(Hb) aIncludes bibliographical references  aBusiness studies x  aStatstics  aGupta, Indira